00000000cam 2200000zi 4500
0019.867836
003CaOODSP
00520260209124803
006m     o  d f      
007cr cn|||||||||
008190131t20192019onc     o    f000 0 fre d
040 |aCaOODSP|bfre|erda|cCaOODSP
043 |an-cn---
0861 |aH113-5/2019-1F-PDF|zH113-5/2019-1F
24500|aPlan de travail pour la réévaluation du DEET et des toluamides actifs connexes.
264 1|aOttawa (Ontario) : |bAgence de réglementation de la lutte antiparasitaire, Santé Canada, |c2019.
264 4|c©2019
300 |a1 ressource en ligne (3 pages).
336 |atexte|btxt|2rdacontent/fre
337 |ainformatique|bc|2rdamedia/fre
338 |aressource en ligne|bcr|2rdacarrier/fre
4901 |aNote de réévaluation, |x1925-0665 ; |vREV2019-01
500 |aPublié aussi en anglais sous le titre : Re-evaluation project plan for DEET and related active toluamides.
500 |aTitre de la couverture.
500 |a« Le 30 janvier 2019. »
69207|2gccst|aInsecticide
69207|2gccst|aToxicologie
7101 |aCanada. |bAgence de réglementation de la lutte antiparasitaire.
7101 |aCanada. |bSanté Canada.
77508|tRe-evaluation project plan for DEET and related active toluamides.|w(CaOODSP)9.867833
830#0|aNote de réévaluation (Canada. Agence de réglementation de la lutte antiparasitaire)|x1925-0665 ; |vREV2019-01.|w(CaOODSP)9.500878
85640|qPDF|s95 Ko|uhttps://publications.gc.ca/collections/collection_2019/sc-hc/h113-5/H113-5-2019-1-fra.pdf